| 000 | 00772nam a2200205 a 4500 | ||
|---|---|---|---|
| 001 | 000016713 | ||
| 005 | 20200929164942.0 | ||
| 008 | 100310s1976 dr r 000 0 spa d | ||
| 040 |
_aDO-SdBNP _bspa _cBNPHU |
||
| 082 |
_a366.17293 _bE79g, 1976 |
||
| 245 | 0 | 0 |
_aEstatutos generales : _bpara el orden simbólico de la República Dominicana. |
| 260 |
_aCiudad Trujillo, República Dominicana : _bImpresora La Isabela, _c1976. |
||
| 300 |
_a284 p. ; _c22 cm. |
||
| 590 | _aInventariado, 2018/BT | ||
| 650 | 4 |
_aMasonería _xLegislación _zRepública Dominicana _937069 |
|
| 650 | 4 |
_aEstatutos de sociedades _932163 |
|
| 650 | 4 |
_aSociedades secretas _xHistoria _937070 |
|
| 650 | 4 |
_aSociedades secretas _zRepública Dominicana _937071 |
|
| 910 | _aValidado. Control de calidad. EMS | ||
| 999 |
_c16245 _d16245 |
||